000
00288nam a22001097a 4500
008
240529b |||||||| |||| 00| 0 eng d
100
_a
Bahal, J,C,
_9
14773
245
_a
Elements of Commerce and Business Methods
260
_a
Bombay:
_b
New Book pub;
_c
1967.
300
_a
344p.
942
_c
BK
999
_c
38243
_d
38243